01167nam a2200313Ia 4500001001200000003000800012005001700020006001900037007001500056008004100071020002200112040002100134035002100155050002400176082001400200090001900214100003800233245010600271250001200377260003300389300001600422500002400438533015200462650003100614650002400645655003400669856013100703999001900834ebr10120249CaPaEBR20251022013157.0m u cr cn|||||||||050905s2006 enk s 000 0 eng d z0749445114 (pbk.) aCaPaEBRcCaPaEBR a(OCoLC)64748408414aHF5549b.A76 2006eb04a658.3222 c148496d1197481 aArmstrong, Michael,d1928-93871410aStrategic human resource managementh[electronic resource] :ba guide to action /cMichael Armstrong. a3rd ed. aLondon :bKogan Page,c2006. avii, 194 p. aPrevious ed.: 2000. aElectronic reproduction.bPalo Alto, Calif. :cebrary,d2009.nAvailable via World Wide Web.nAccess may be limited to ebrary affiliated libraries. 0aPersonnel management.9443 0aStrategic planning. 7aElectronic books.2local919040uhttp://site.ebrary.com/lib/strathmore/Doc?id=10120249zAn electronic book accessible through the World Wide Web; click to view c148496d119748